[Event "EU-chT 24th"]
[Site "Budva"]
[Date "2023.11.15"]
[Round "5.1"]
[White "Muir, Andrew Joseph"]
[Black "Nielsen, Hogni Egilstoft"]
[Result "0-1"]
[WhiteElo "2227"]
[BlackElo "2387"]
[PlyCount "62"]
[EventDate "2023.11.11"]
[EventType "team-swiss"]
[EventRounds "9"]
[EventCountry "MNE"]
[SourceTitle "CB47_2023"]
[SourceDate "2023.11.22"]
[SourceVersion "1"]
[SourceVersionDate "2023.11.22"]
[SourceQuality "1"]
[WhiteTeam "Scotland"]
[BlackTeam "Faroe Islands"]
[WhiteTeamCountry "SCO"]
[BlackTeamCountry "FAI"]

1. d4 Nf6 2. c4 e6 3. Nc3 Bb4 4. e3 0-0 5. Bd3 c5 6. Nge2 d5 7. cxd5 cxd4 8. exd4 Nxd5 9. 0-0 Nc6 10. a3 Nxc3 11. Nxc3 Bd6 12. Be3 e5 13. dxe5 Nxe5 14. Be2 Be6 15. Nb5 Be7 16. Bxa7 Nc6 17. Be3 Bf6 18. Bc5 Qxd1 19. Raxd1 Rfc8 20. b4 Ne5 21. Rc1 Bd5 22. Rfd1 Bb3 23. Re1 Rd8 24. Bb6 Rd7 25. Nd4 Ba4 26. Bb5 Bxb5 27. Nxb5 h6 28. Rc7 Rxc7 29. Bxc7 Nc4 30. Re2 Nxa3 31. Ra2 Re8 0-1

[Event "EU-chT 24th"]
[Site "Budva"]
[Date "2023.11.13"]
[Round "3.19"]
[White "Tomic, Aleksandar1"]
[Black "Muir, Andrew Joseph"]
[Result "1-0"]
[WhiteElo "2411"]
[BlackElo "2227"]
[PlyCount "98"]
[EventDate "2023.11.11"]
[EventType "team-swiss"]
[EventRounds "9"]
[EventCountry "MNE"]
[SourceTitle "CB47_2023"]
[SourceDate "2023.11.22"]
[SourceVersion "1"]
[SourceVersionDate "2023.11.22"]
[SourceQuality "1"]
[WhiteTeam "Montenegro Youth II"]
[BlackTeam "Scotland"]
[WhiteTeamCountry "MNE"]
[BlackTeamCountry "SCO"]

1. Nf3 d5 2. b3 Nf6 3. Bb2 e6 4. e3 b6 5. c4 Bb7 6. Nc3 Be7 7. cxd5 exd5 8. d4 0-0 9. Bd3 c5 10. 0-0 Nc6 11. Ne2 Bd6 12. Rc1 Qe7 13. Ng3 g6 14. Re1 Rad8 15. Ba1 Ne4 16. Bb1 Rfe8 17. Qe2 Ng5 18. Ne5 f6 19. Nxc6 Bxc6 20. h4 Ne6 21. Qg4 Qg7 22. Qf3 Rf8 23. Red1 Bb7 24. Ne2 Qe7 25. Nc3 cxd4 26. exd4 Bf4 27. Rc2 Rfe8 28. Re2 Qd6 29. Rde1 Kf7 30. Nb5 Qb8 31. h5 Ng5 32. Qd3 Ne4 33. Qh3 Kg7 34. g3 a6 35. gxf4 axb5 36. f3 Nd6 37. Re7+ Rxe7 38. Rxe7+ Nf7 39. h6+ Kh8 40. Rxf7 Qxf4 41. Qe6 Qg3+ 42. Kf1 Qxf3+ 43. Ke1 Qh1+ 44. Ke2 Qg2+ 45. Kd3 Qf3+ 46. Kc2 Qf2+ 47. Kc3 b4+ 48. Kxb4 Qd2+ 49. Bc3 Bc8 1-0

[Event "EU-chT 24th"]
[Site "Budva"]
[Date "2023.11.11"]
[Round "1.19"]
[White "Muir, Andrew Joseph"]
[Black "Subelj, Jan"]
[Result "0-1"]
[WhiteElo "2227"]
[BlackElo "2513"]
[PlyCount "48"]
[EventDate "2023.11.11"]
[EventType "team-swiss"]
[EventRounds "9"]
[EventCountry "MNE"]
[SourceTitle "CB47_2023"]
[SourceDate "2023.11.22"]
[SourceVersion "1"]
[SourceVersionDate "2023.11.22"]
[SourceQuality "1"]
[WhiteTeam "Scotland"]
[BlackTeam "Slovenia"]
[WhiteTeamCountry "SCO"]
[BlackTeamCountry "SLO"]

1. d4 Nf6 2. c4 e6 3. Nc3 Bb4 4. e3 c5 5. Bd3 Nc6 6. Nf3 0-0 7. 0-0 Bxc3 8. bxc3 d6 9. e4 e5 10. Re1 cxd4 11. cxd4 Bg4 12. dxe5 Nxe5 13. Bf4 Bxf3 14. gxf3 Nh5 15. Bg3 Qf6 16. Be2 Nf4 17. Bxf4 Qxf4 18. Qb3 f5 19. Qxb7 Rab8 20. Qd5+ Kh8 21. Rab1 Rbd8 22. exf5 Rxf5 23. Qe4 Rg5+ 24. Kh1 Ng4 0-1

[Event "Kingston-A 2nd"]
[Site "Kingston Upon Thames"]
[Date "2023.07.28"]
[Round "9"]
[White "Li, Vladimir"]
[Black "Muir, Andrew Joseph"]
[Result "1/2-1/2"]
[WhiteElo "2294"]
[BlackElo "2225"]
[PlyCount "26"]
[EventDate "2023.07.24"]
[EventType "tourn"]
[EventRounds "9"]
[EventCountry "ENG"]
[EventCategory "1"]
[SourceTitle "CBM 215 Extra"]
[Source "ChessBase"]
[SourceDate "2023.09.30"]
[SourceVersion "1"]
[SourceVersionDate "2023.09.30"]
[SourceQuality "1"]

1. e4 c5 2. c3 d5 3. exd5 Qxd5 4. d4 Nf6 5. Nf3 Nc6 6. Be3 e5 7. dxe5 Qxd1+ 8. Kxd1 Ng4 9. Bb5 Bd7 10. a4 0-0-0 11. Nbd2 Ncxe5 12. Nxe5 Nxe5 13. Bxd7+ Rxd7 1/2-1/2

[Event "Kingston-A 2nd"]
[Site "Kingston Upon Thames"]
[Date "2023.07.28"]
[Round "8"]
[White "Muir, Andrew Joseph"]
[Black "Bezuidenhout, Roland Reinhold"]
[Result "1/2-1/2"]
[WhiteElo "2225"]
[BlackElo "2217"]
[PlyCount "57"]
[EventDate "2023.07.24"]
[EventType "tourn"]
[EventRounds "9"]
[EventCountry "ENG"]
[EventCategory "1"]
[SourceTitle "CBM 215 Extra"]
[Source "ChessBase"]
[SourceDate "2023.09.30"]
[SourceVersion "1"]
[SourceVersionDate "2023.09.30"]
[SourceQuality "1"]

1. d4 Nf6 2. c4 c5 3. d5 b5 4. cxb5 a6 5. bxa6 e6 6. Nc3 exd5 7. Nxd5 Be7 8. Nf3 0-0 9. Bf4 Nxd5 10. Qxd5 Nc6 11. e4 Qb6 12. Bc4 Bxa6 13. b3 Nb4 14. Qd2 Bxc4 15. bxc4 Qe6 16. 0-0 Qxc4 17. Qxd7 Bf6 18. e5 Qxf4 19. exf6 Qxf6 20. Qb5 Rfc8 21. a4 Qa6 22. Ne5 Nc2 23. Qxa6 Rxa6 24. Ra2 Nb4 25. Ra3 c4 26. Rc3 Nd5 27. Rxc4 Rxc4 28. Nxc4 Rxa4 29. Ne5 1/2-1/2

[Event "Kingston-A 2nd"]
[Site "Kingston Upon Thames"]
[Date "2023.07.25"]
[Round "3"]
[White "Buckley, Graeme N"]
[Black "Muir, Andrew Joseph"]
[Result "1-0"]
[WhiteElo "2345"]
[BlackElo "2225"]
[PlyCount "67"]
[EventDate "2023.07.24"]
[EventType "tourn"]
[EventRounds "9"]
[EventCountry "ENG"]
[EventCategory "1"]
[SourceTitle "CBM 215 Extra"]
[Source "ChessBase"]
[SourceDate "2023.09.30"]
[SourceVersion "1"]
[SourceVersionDate "2023.09.30"]
[SourceQuality "1"]

1. e4 c5 2. Nf3 Nc6 3. Bb5 g6 4. 0-0 Bg7 5. Re1 e5 6. Bxc6 dxc6 7. d3 Qc7 8. Nbd2 Nf6 9. a3 a5 10. a4 0-0 11. Nc4 Nd7 12. Bd2 b6 13. Qc1 Ba6 14. b3 Bxc4 15. bxc4 Rfe8 16. Rb1 Nf8 17. Rb3 Ne6 18. Qb2 Ra6 19. Rb1 Rb8 20. g3 Rb7 21. Qc1 Ra8 22. Qf1 Ra6 23. h4 h5 24. Qh3 Qe7 25. Kh2 Qf6 26. Kg2 Qe7 27. Be3 Rb8 28. Ng5 Nxg5 29. hxg5 Bf8 30. f4 exf4 31. Bxf4 Rb7 32. Qc8 Qd7 33. Qxd7 Rxd7 34. Rxb6 1-0

[Event "SCO-ch op 128th"]
[Site "Dunfermline"]
[Date "2023.07.08"]
[Round "3"]
[White "McCormack, Derek"]
[Black "Muir, Andrew Joseph"]
[Result "0-1"]
[WhiteElo "1873"]
[BlackElo "2225"]
[PlyCount "62"]
[EventDate "2023.07.07"]
[EventType "swiss"]
[EventRounds "5"]
[EventCountry "SCO"]
[SourceTitle "CBM 215 Extra"]
[Source "ChessBase"]
[SourceDate "2023.09.30"]
[SourceVersion "1"]
[SourceVersionDate "2023.09.30"]
[SourceQuality "1"]

1. d4 d5 2. c4 e6 3. Nc3 c6 4. e3 Nf6 5. Nf3 Nbd7 6. Bd3 dxc4 7. Bxc4 b5 8. Bd3 Bb7 9. e4 b4 10. Na4 c5 11. e5 Nd5 12. 0-0 cxd4 13. Nxd4 Nxe5 14. Bb5+ Nd7 15. Re1 Rc8 16. b3 Be7 17. Rxe6 0-0 18. Nc6 Bxc6 19. Rxc6 Bf6 20. Bb2 Bxb2 21. Nxb2 N7f6 22. Na4 Qe7 23. Rac1 Rxc6 24. Bxc6 Nf4 25. Bf3 g5 26. Qc2 g4 27. Qc4 Qe5 28. g3 Nh3+ 29. Kg2 gxf3+ 30. Kxh3 Ne4 31. Kg4 Qg5+ 0-1

[Event "Hastings Masters op"]
[Site "Hastings"]
[Date "2023.01.01"]
[Round "5"]
[White "Cherniaev, Alexander"]
[Black "Muir, Andrew Joseph"]
[Result "1-0"]
[WhiteElo "2374"]
[BlackElo "2244"]
[PlyCount "125"]
[EventDate "2022.12.28"]
[EventType "swiss"]
[EventRounds "10"]
[EventCountry "ENG"]
[SourceTitle "CBM 212 Extra"]
[Source "ChessBase"]
[SourceDate "2023.03.31"]
[SourceVersion "1"]
[SourceVersionDate "2023.03.31"]
[SourceQuality "1"]

1. e4 c5 2. Nc3 Nc6 3. Bb5 Nd4 4. a4 e6 5. Nge2 a6 6. Bc4 Nf6 7. d3 d5 8. exd5 exd5 9. Ba2 Bg4 10. h3 Nxe2 11. Nxe2 Bxe2 12. Qxe2+ Qe7 13. Be3 d4 14. Bg5 Qxe2+ 15. Kxe2 Be7 16. Rhe1 0-0 17. Kf3 Rfe8 18. Re2 Kf8 19. Rae1 Bd6 20. Bxf6 gxf6 21. Bd5 Rxe2 22. Rxe2 Rb8 23. Kg4 b6 24. Kf5 Be7 25. Re4 a5 26. Rh4 Rd8 27. Bc4 Kg7 28. g3 Rd6 29. Rh5 Rd8 30. Ke4 Bd6 31. Rh4 Be7 32. Rg4+ Kf8 33. Rf4 Kg7 34. Rf5 Kg6 35. Rd5 Bd6 36. Bb5 h6 37. Bc6 Kg7 38. Bb7 Kf8 39. Bc6 Ke7 40. Rh5 Rh8 41. Kd5 Rd8 42. Kc4 Rh8 43. Kb5 Bc7 44. Bd5 Kf8 45. Kc6 Bd8 46. Rf5 Kg7 47. Kd7 Kg6 48. Be4 Kg7 49. h4 Rf8 50. Rf4 f5 51. Bxf5 Bf6 52. Rg4+ Kh8 53. Re4 Kg7 54. Rg4+ Kh8 55. Be4 c4 56. Rf4 Kg7 57. dxc4 d3 58. cxd3 Bxb2 59. Bd5 f6 60. d4 f5 61. c5 bxc5 62. dxc5 Bf6 63. Rxf5 1-0

[Event "EU-chT 23rd"]
[Site "Terme Catez"]
[Date "2021.11.20"]
[Round "8.3"]
[White "Muir, Andrew Joseph"]
[Black "Ashiku, Franc"]
[Result "0-1"]
[WhiteElo "2254"]
[BlackElo "2419"]
[PlyCount "92"]
[EventDate "2021.11.12"]
[EventType "team-swiss"]
[EventRounds "9"]
[EventCountry "SLO"]
[SourceTitle "CBM 205"]
[Source "ChessBase"]
[SourceDate "2021.12.31"]
[SourceVersion "1"]
[SourceVersionDate "2021.12.31"]
[SourceQuality "1"]
[WhiteTeam "Scotland"]
[BlackTeam "Albania"]
[WhiteTeamCountry "SCO"]
[BlackTeamCountry "ALB"]

1. d4 Nf6 2. c4 g6 3. Nc3 Bg7 4. e4 d6 5. f3 0-0 6. Be3 a6 7. Qd2 Nc6 8. Nge2 Bd7 9. Nc1 Nh5 10. Nb3 f5 11. exf5 gxf5 12. Be2 a5 13. a4 Kh8 14. 0-0 f4 15. Bf2 Bh6 16. Bh4 Qe8 17. g4 Qg6 18. Qd3 Bf5 19. Ne4 Nb4 20. Qb1 Bxg4 21. fxg4 f3 22. Ng5 fxe2 23. Rxf8+ Rxf8 24. Qxg6 hxg6 25. gxh5 Bxg5 26. Bxg5 Nc2 27. Rc1 e1Q+ 28. Rxe1 Nxe1 29. Bxe7 Rf7 30. Bd8 gxh5 31. Nxa5 c6 32. Bb6 Nd3 33. b3 Kg7 34. Bd8 Kg6 35. Kg2 Ne1+ 36. Kg1 Nf3+ 37. Kg2 Nxd4 38. b4 Nc2 39. b5 Nd4 40. b6 Ne6 41. Bc7 Nxc7 42. Nxb7 Na6 43. Nxd6 Rd7 44. Nc8 Rd4 45. Ne7+ Kf6 46. Nxc6 Rxc4 0-1

[Event "Newcastle Northumbria Masters IM"]
[Site "Newcastle on Tyne"]
[Date "2021.08.30"]
[Round "8"]
[White "Muir, Andrew Joseph"]
[Black "Urh, Zala"]
[Result "0-1"]
[WhiteElo "2259"]
[BlackElo "2216"]
[PlyCount "76"]
[EventDate "2021.08.26"]
[EventType "tourn"]
[EventRounds "9"]
[EventCountry "ENG"]
[EventCategory "2"]
[SourceTitle "CBM 204 Extra"]
[Source "ChessBase"]
[SourceDate "2021.11.30"]
[SourceVersion "1"]
[SourceVersionDate "2021.11.30"]
[SourceQuality "1"]

1. d4 Nf6 2. c4 e6 3. Nc3 Bb4 4. e3 0-0 5. Bd3 d5 6. a3 Bxc3+ 7. bxc3 dxc4 8. Bxc4 c5 9. Ne2 Qc7 10. Ba2 Nc6 11. 0-0 b6 12. Bb2 Ba6 13. Rc1 Rfd8 14. c4 cxd4 15. exd4 b5 16. d5 bxc4 17. Bxf6 Rxd5 18. Qa4 Ra5 19. Qc2 gxf6 20. Bxc4 Rc5 21. Qe4 f5 22. Qh4 Bxc4 23. Rxc4 Ne7 24. Rxc5 Qxc5 25. Ng3 Ng6 26. Qg5 Qe7 27. Qh6 Qf8 28. Qg5 h6 29. Qf6 Qd8 30. Qa1 f4 31. Rd1 Qb6 32. Ne4 e5 33. Rd6 Qb3 34. h4 Rb8 35. h5 Qc2 36. Rxg6+ fxg6 37. Qxe5 Qd1+ 38. Kh2 Qxh5+ 0-1

[Event "Newcastle Northumbria Masters IM"]
[Site "Newcastle on Tyne"]
[Date "2021.08.26"]
[Round "1"]
[White "Muir, Andrew Joseph"]
[Black "McKay, Roderick M"]
[Result "1-0"]
[WhiteElo "2259"]
[BlackElo "2258"]
[PlyCount "101"]
[EventDate "2021.08.26"]
[EventType "tourn"]
[EventRounds "9"]
[EventCountry "ENG"]
[EventCategory "2"]
[SourceTitle "CBM 204 Extra"]
[Source "ChessBase"]
[SourceDate "2021.11.30"]
[SourceVersion "1"]
[SourceVersionDate "2021.11.30"]
[SourceQuality "1"]

1. d4 d6 2. e4 Nf6 3. f3 Nbd7 4. c4 e5 5. d5 Be7 6. Be3 0-0 7. Qd2 a5 8. Bd3 Nc5 9. Bc2 Nfd7 10. Ne2 Nb6 11. b3 a4 12. Na3 axb3 13. axb3 f5 14. exf5 Bxf5 15. 0-0 Qd7 16. Bxc5 dxc5 17. Bxf5 Qxf5 18. Ng3 Bg5 19. Qe2 Qf4 20. Nc2 Nd7 21. Ne4 Be7 22. Ne3 Bg5 23. Ng4 h5 24. g3 Qf5 25. Ngf2 Be7 26. Kg2 Qg6 27. Qe3 Ra6 28. Rxa6 Qxa6 29. Ng5 Qh6 30. h4 Ra8 31. f4 Bxg5 32. hxg5 exf4 33. gxf4 Qg6 34. Qe6+ Qf7 35. Re1 g6 36. Nd3 Kf8 37. Qxf7+ Kxf7 38. Ne5+ Nxe5 39. fxe5 Ke7 40. Rf1 Ra2+ 41. Kg3 Re2 42. e6 Re3+ 43. Kh2 Re2+ 44. Kh1 c6 45. Rf7+ Kd6 46. Rd7+ Ke5 47. Kg1 cxd5 48. cxd5 h4 49. Kf1 Re4 50. e7 Kf4 51. d6 1-0

[Event "Budapest FS11 IM"]
[Site "Budapest"]
[Date "2020.11.17"]
[Round "9"]
[White "Szeberenyi, Adam"]
[Black "Muir, Andrew Joseph"]
[Result "1-0"]
[WhiteElo "2376"]
[BlackElo "2266"]
[PlyCount "173"]
[EventDate "2020.11.07"]
[EventType "tourn"]
[EventRounds "9"]
[EventCountry "HUN"]
[SourceTitle "CBM 199 Extra"]
[Source "ChessBase"]
[SourceDate "2021.01.31"]
[SourceVersion "1"]
[SourceVersionDate "2021.01.31"]
[SourceQuality "1"]

1. d4 d5 2. c4 e6 3. Nc3 c6 4. e4 dxe4 5. Nxe4 Bb4+ 6. Bd2 Qxd4 7. Bxb4 Qxe4+ 8. Be2 Na6 9. Ba5 b6 10. Qd6 Bd7 11. Bc3 f6 12. 0-0-0 0-0-0 13. Qa3 Kb7 14. Bf3 Qf4+ 15. Rd2 Nh6 16. Ne2 Qc7 17. Nd4 Nf5 18. Nb5 Qf4 19. Rhd1 Bc8 20. Kb1 Rxd2 21. Rxd2 Qxc4 22. Be2 Qe4+ 23. Kc1 Kb8 24. Nxa7 Nc5 25. Bf3 Qa4 26. Nxc6+ Kc7 27. Qxa4 Nxa4 28. Rc2 Nxc3 29. Rxc3 Kd6 30. Rd3+ Kc7 31. Nb4 Bd7 32. g4 Ne7 33. Na6+ Kc8 34. Rd6 b5 35. Rb6 Kd8 36. Nc5 Kc8 37. Rb7 Bc6 38. Bxc6 Nxc6 39. Rxg7 Nd4 40. Nd7 h5 41. Nxf6 hxg4 42. Nxg4 Nf3 43. Rg6 Nxh2 44. Nxh2 Rxh2 45. Rxe6 Rxf2 46. Re5 b4 47. Rb5 Kc7 48. Rxb4 Kc6 49. a3 Kc5 50. Kb1 Rh2 51. Ka2 Rg2 52. Rh4 Rg3 53. a4 Rf3 54. b3 Rg3 55. Ka3 Rf3 56. Rh5+ Kb6 57. a5+ Ka6 58. Ka4 Rf4+ 59. b4 Rg4 60. Rh6+ Kb7 61. a6+ Ka7 62. Ka5 Rg5+ 63. b5 Rf5 64. Rh7+ Kb8 65. Rb7+ Ka8 66. Rc7 Kb8 67. Rc6 Ka7 68. Rd6 Rh5 69. Kb4 Rh7 70. Kc5 Rc7+ 71. Kd5 Rc1 72. Rd7+ Kb8 73. b6 Rd1+ 74. Ke6 Re1+ 75. Kf5 Rf1+ 76. Ke4 Re1+ 77. Kf5 Re8 78. Kf4 Ka8 79. Rc7 Rh8 80. b7+ Kb8 81. Rc1 Re8 82. Kf5 Rd8 83. Ke6 Rh8 84. Kf7 Rd8 85. Re1 Ka7 86. Re8 Rb8 87. Rc8 1-0

[Event "Budapest FS11 IM"]
[Site "Budapest"]
[Date "2020.11.16"]
[Round "8"]
[White "Muir, Andrew Joseph"]
[Black "Exposito Amaro, Josue"]
[Result "0-1"]
[WhiteElo "2266"]
[BlackElo "2334"]
[PlyCount "112"]
[EventDate "2020.11.07"]
[EventType "tourn"]
[EventRounds "9"]
[EventCountry "HUN"]
[SourceTitle "CBM 199 Extra"]
[Source "ChessBase"]
[SourceDate "2021.01.31"]
[SourceVersion "1"]
[SourceVersionDate "2021.01.31"]
[SourceQuality "1"]

1. d4 e6 2. c4 f5 3. Nf3 Nf6 4. g3 Be7 5. Bg2 0-0 6. 0-0 d6 7. Nc3 Ne4 8. Qd3 Nxc3 9. Qxc3 a5 10. b3 a4 11. b4 Bf6 12. Bb2 Qe8 13. Rae1 c5 14. bxc5 a3 15. Ba1 dxc5 16. e4 cxd4 17. Qd2 Qa4 18. exf5 Nc6 19. Nxd4 Nxd4 20. Bxd4 Rd8 21. fxe6 Rxd4 22. Qe2 Rd8 23. Bd5 Re8 24. Qh5 g6 25. Qf3 Kg7 26. g4 h6 27. h4 Re7 28. h5 Ra6 29. Qd3 Qe8 30. Be4 gxh5 31. gxh5 Qxh5 32. Re3 Raxe6 33. Rg3+ Bg5 34. Bf5 Kf7 35. f4 Re2 36. Rh3 Bh4 37. Bxc8 Qc5+ 38. Kh1 Qxc8 39. Rxh4 Qc6+ 40. Qd5+ Qxd5+ 41. cxd5 Rxa2 42. Rxh6 Rb2 43. d6 Ree2 44. Rc1 Rbc2 45. Rb1 Kg7 46. Rh3 a2 47. Ra1 Rcd2 48. Rb3 Kf6 49. Rxb7 Rb2 50. d7 Ke7 51. Rd1 Rh2+ 52. Kg1 Rbg2+ 53. Kf1 Rh1+ 54. Kxg2 Rxd1 55. Ra7 a1Q 56. d8Q+ Kxd8 0-1

[Event "Budapest FS11 IM"]
[Site "Budapest"]
[Date "2020.11.13"]
[Round "6"]
[White "Muir, Andrew Joseph"]
[Black "Lyell, Mark"]
[Result "1-0"]
[WhiteElo "2266"]
[BlackElo "2261"]
[PlyCount "107"]
[EventDate "2020.11.07"]
[EventType "tourn"]
[EventRounds "9"]
[EventCountry "HUN"]
[SourceTitle "CBM 199 Extra"]
[Source "ChessBase"]
[SourceDate "2021.01.31"]
[SourceVersion "1"]
[SourceVersionDate "2021.01.31"]
[SourceQuality "1"]

1. d4 f5 2. Nf3 Nf6 3. g3 e6 4. Bg2 d5 5. 0-0 Bd6 6. c4 0-0 7. b3 b6 8. Ne5 c5 9. cxd5 exd5 10. Nc4 Bc7 11. Bb2 Bb7 12. dxc5 bxc5 13. Bxf6 Qxf6 14. Bxd5+ Bxd5 15. Qxd5+ Rf7 16. Nc3 Nc6 17. Nb5 Rd8 18. Qxc5 Bb6 19. Nxb6 axb6 20. Qxb6 Nd4 21. Qxf6 Nxe2+ 22. Kg2 Rxf6 23. Rad1 Re8 24. f4 Rc6 25. Rd2 Rc5 26. Kf3 Nxg3 27. hxg3 Rxb5 28. Rfd1 Rc5 29. Rd8 Rc3+ 30. R1d3 Rxd3+ 31. Rxd3 Re1 32. Rd7 Rf1+ 33. Ke2 Rg1 34. Kf2 Rb1 35. Kf3 Rf1+ 36. Kg2 Rb1 37. Ra7 g6 38. Kf3 Rf1+ 39. Ke2 Rg1 40. b4 Rb1 41. a3 Rb3 42. Kd2 h5 43. Kc2 Rxg3 44. b5 Rg2+ 45. Kc3 Rg3+ 46. Kc4 Rf3 47. b6 Rxf4+ 48. Kd5 Rf3 49. b7 Rb3 50. Ra8+ Kf7 51. b8Q Rxb8 52. Rxb8 Kf6 53. a4 h4 54. a5 1-0

[Event "Budapest FS11 IM"]
[Site "Budapest"]
[Date "2020.11.10"]
[Round "4"]
[White "Terbe, Julianna"]
[Black "Muir, Andrew Joseph"]
[Result "1/2-1/2"]
[WhiteElo "2269"]
[BlackElo "2266"]
[PlyCount "89"]
[EventDate "2020.11.07"]
[EventType "tourn"]
[EventRounds "9"]
[EventCountry "HUN"]
[SourceTitle "CBM 199 Extra"]
[Source "ChessBase"]
[SourceDate "2021.01.31"]
[SourceVersion "1"]
[SourceVersionDate "2021.01.31"]
[SourceQuality "1"]

1. d4 d5 2. Nf3 Nf6 3. g3 e6 4. Bg2 Be7 5. c4 0-0 6. Nc3 dxc4 7. Ne5 Nc6 8. Bxc6 bxc6 9. Nxc6 Qe8 10. Nxe7+ Qxe7 11. Qa4 e5 12. dxe5 Qxe5 13. Qxc4 Bh3 14. Bf4 Qh5 15. 0-0-0 c5 16. f3 Be6 17. Qa4 c4 18. g4 Qc5 19. e4 Rfd8 20. Qb5 Qf2 21. Rxd8+ Rxd8 22. Rd1 Rc8 23. Qb7 h6 24. e5 Nh7 25. Nd5 Kh8 26. Nc7 Rf8 27. Bd2 Ng5 28. Qb4 Rc8 29. Bxg5 Rxc7 30. Qd2 Qc5 31. Be3 Qc6 32. Qc2 Rc8 33. f4 Bxg4 34. Rg1 Qf3 35. Qf2 a6 36. Qxf3 Bxf3 37. f5 Rd8 38. f6 g5 39. h4 gxh4 40. Bxh6 h3 41. Bf4 Rd4 42. Bh2 Re4 43. Rf1 Bg4 44. Rf4 Rxf4 45. Bxf4 1/2-1/2

[Event "Budapest FS11 IM"]
[Site "Budapest"]
[Date "2020.11.07"]
[Round "1"]
[White "Muir, Andrew Joseph"]
[Black "Souhardo, Basak"]
[Result "1-0"]
[WhiteElo "2266"]
[BlackElo "2216"]
[PlyCount "113"]
[EventDate "2020.11.07"]
[EventType "tourn"]
[EventRounds "9"]
[EventCountry "HUN"]
[SourceTitle "CBM 199 Extra"]
[Source "ChessBase"]
[SourceDate "2021.01.31"]
[SourceVersion "1"]
[SourceVersionDate "2021.01.31"]
[SourceQuality "1"]

1. d4 Nf6 2. c4 e6 3. Nc3 Bb4 4. e3 0-0 5. Bd3 c5 6. a3 Bxc3+ 7. bxc3 Nc6 8. Ne2 b6 9. e4 Ne8 10. 0-0 Ba6 11. f4 f5 12. exf5 exf5 13. dxc5 bxc5 14. Ng3 g6 15. Be3 Qa5 16. Be2 Nf6 17. Qd6 Rfe8 18. Qxc5 Qxc5 19. Bxc5 Na5 20. Bd4 Ne4 21. Nxe4 fxe4 22. f5 Bxc4 23. Bxc4+ Nxc4 24. fxg6 hxg6 25. Rf6 Re6 26. Rxe6 dxe6 27. Re1 Nxa3 28. Rxe4 a5 29. Rxe6 a4 30. Rxg6+ Kh7 31. Rg7+ Kh6 32. Rb7 Kg5 33. Kf1 Kf4 34. Ke2 Ke4 35. Re7+ Kd5 36. Kd3 Nc4 37. Rb7 a3 38. Rb5+ Kc6 39. Rb1 a2 40. Ra1 Kd5 41. g4 Nb2+ 42. Kc2 Nc4 43. g5 Ke4 44. g6 Nd6 45. g7 Nb5 46. Bc5 Rg8 47. Bf8 Nc7 48. Rxa2 Ne6 49. Ra4+ Kd5 50. Ra5+ Ke4 51. h4 Nxg7 52. Bxg7 Rxg7 53. h5 Rb7 54. h6 Rh7 55. Rh5 Ke3 56. Rh4 Ke2 57. Rh3 1-0

[Event "EU-chT 22nd"]
[Site "Batumi"]
[Date "2019.10.27"]
[Round "4.20"]
[White "Sonis, Francesco"]
[Black "Muir, Andrew Joseph"]
[Result "1-0"]
[WhiteElo "2475"]
[BlackElo "2271"]
[PlyCount "55"]
[EventDate "2019.10.24"]
[EventType "team-swiss"]
[EventRounds "9"]
[EventCountry "GEO"]
[SourceTitle "CBM 193"]
[Source "ChessBase"]
[SourceDate "2019.12.31"]
[SourceVersion "1"]
[SourceVersionDate "2019.12.31"]
[SourceQuality "1"]
[WhiteTeam "Italy"]
[BlackTeam "Scotland"]
[WhiteTeamCountry "ITA"]
[BlackTeamCountry "SCO"]

1. d4 d5 2. c4 e6 3. Nc3 c6 4. Nf3 Nf6 5. Bg5 dxc4 6. e4 b5 7. a4 Bb7 8. axb5 cxb5 9. Nxb5 Bb4+ 10. Nc3 Bxe4 11. Bxc4 0-0 12. 0-0 Bxc3 13. bxc3 Nbd7 14. Nd2 Qc7 15. Ra3 Bb7 16. Re1 Qc6 17. Bf1 a5 18. c4 a4 19. Rg3 Kh8 20. Qa1 Ra5 21. c5 Raa8 22. Nc4 Ne4 23. Rxe4 Qxe4 24. Nd6 Qc6 25. Bh6 gxh6 26. d5+ f6 27. dxc6 Bxc6 28. Qc1 1-0

[Event "EU-chT 22nd"]
[Site "Batumi"]
[Date "2019.10.24"]
[Round "1.19"]
[White "Muir, Andrew Joseph"]
[Black "Subelj, Jan"]
[Result "0-1"]
[WhiteElo "2271"]
[BlackElo "2398"]
[PlyCount "76"]
[EventDate "2019.10.24"]
[EventType "team-swiss"]
[EventRounds "9"]
[EventCountry "GEO"]
[SourceTitle "CBM 193"]
[Source "ChessBase"]
[SourceDate "2019.12.31"]
[SourceVersion "1"]
[SourceVersionDate "2019.12.31"]
[SourceQuality "1"]
[WhiteTeam "Scotland"]
[BlackTeam "Slovenia"]
[WhiteTeamCountry "SCO"]
[BlackTeamCountry "SLO"]

1. d4 Nf6 2. c4 e6 3. Nc3 Bb4 4. a3 Bxc3+ 5. bxc3 c5 6. f3 Nc6 7. e4 0-0 8. Be3 b6 9. Bd3 Ba6 10. Ne2 Na5 11. dxc5 Bxc4 12. cxb6 axb6 13. 0-0 Qc7 14. Nd4 d5 15. a4 e5 16. Nb5 Qc6 17. Bg5 dxe4 18. fxe4 Bxd3 19. Qxd3 Nxe4 20. Be7 Rfe8 21. Bb4 Rad8 22. Qf3 Qg6 23. Nc7 Nd2 24. Qf5 Nxf1 25. Qxg6 hxg6 26. Rxf1 Nc4 27. Nxe8 Rxe8 28. Rd1 Ra8 29. Rd7 Rxa4 30. Rd8+ Kh7 31. Rd7 Ra1+ 32. Kf2 e4 33. Rxf7 e3+ 34. Ke2 Ra2+ 35. Kf1 Ne5 36. Re7 e2+ 37. Kf2 Nd3+ 38. Kf3 e1Q 0-1

[Event "Newcastle on Tyne op"]
[Site "Newcastle on Tyne"]
[Date "2018.02.15"]
[Round "2"]
[White "Longson, Sarah N"]
[Black "Muir, Andrew Joseph"]
[Result "0-1"]
[WhiteElo "2124"]
[BlackElo "2286"]
[PlyCount "64"]
[EventDate "2018.02.14"]
[EventType "swiss"]
[EventRounds "9"]
[EventCountry "ENG"]
[SourceTitle "CBM 182 Extra"]
[Source "ChessBase"]
[SourceDate "2018.02.23"]
[SourceVersion "1"]
[SourceVersionDate "2018.02.23"]
[SourceQuality "1"]

1. e4 c5 2. Nf3 Nc6 3. Bb5 g6 4. Bxc6 dxc6 5. d3 Bg7 6. h3 Nf6 7. Nc3 0-0 8. Be3 b6 9. Qd2 e5 10. Bh6 Qd6 11. Bxg7 Kxg7 12. 0-0 Ne8 13. a4 a5 14. Ne2 Nc7 15. Qc3 f6 16. Nd2 Ne6 17. Nc4 Qc7 18. Qd2 Ba6 19. Ne3 Rad8 20. b3 f5 21. exf5 gxf5 22. g4 Ng5 23. Qc3 fxg4 24. Nxg4 Nf3+ 25. Kh1 Bc8 26. Rg1 Nxg1 27. Rxg1 Bxg4 28. Rxg4+ Kh8 29. f4 Rg8 30. fxe5 Rxg4 31. hxg4 Qg7 32. Nf4 Rd4 0-1

[Event "Hastings Masters op 93rd"]
[Site "Hastings"]
[Date "2017.12.31"]
[Round "4"]
[White "Lochte, Szilvia"]
[Black "Muir, Andrew Joseph"]
[Result "0-1"]
[WhiteElo "1850"]
[BlackElo "2297"]
[PlyCount "28"]
[EventDate "2017.12.28"]
[EventType "swiss"]
[EventRounds "9"]
[EventCountry "ENG"]
[SourceTitle "CBM 182 Extra"]
[Source "ChessBase"]
[SourceDate "2018.02.23"]
[SourceVersion "1"]
[SourceVersionDate "2018.02.23"]
[SourceQuality "1"]

1. d4 Nf6 2. Bf4 c5 3. e3 Nd5 4. Bg3 Qb6 5. b3 e6 6. a3 Nc6 7. c4 Nf6 8. dxc5 Bxc5 9. Nc3 d5 10. b4 Nxb4 11. Nb5 Na6 12. Nf3 0-0 13. Be2 Qa5+ 14. Qd2 Bb4 0-1